00210nam a22000857a 4500100001600000245006200016260002600078300000700104650001300111 aUsoof,Rinee aStimuli-Responsive Polymers for Smart Tetile Applications aColombobIchemcc2015 a27 apolymers